000 00219nam a2200097Ia 4500
008 190216s9999||||xx |||||||||||||| ||und||
100 _aSet J M I
245 0 _aKambani Baranam
260 _bKerala Basha Inst
942 _cBK
999 _c37810
_d37810